| 000 | 00752cam a2200253 i 4500 | ||
|---|---|---|---|
| 999 |
_c6992 _d6992 |
||
| 001 | 6992 | ||
| 003 | Mx-PuUPA | ||
| 005 | 20251024090426.0 | ||
| 008 | 140415s1976 mx r 000 0 spa d | ||
| 020 | _a9681310381 | ||
| 040 |
_aMX-PuUPA _bspa _erda _cMx-PuUPA _dMx-PuUPA |
||
| 041 | 0 | _aspa | |
| 100 | 1 |
_aPazos, Luis, _d1947- _eautor _95918 |
|
| 245 | 1 | 0 |
_aCiencia y teoría económica / _cLuis Pazos. |
| 250 | _a1a. edición | ||
| 264 | 1 |
_aMéxico, D.F. : _bEditorial Diana, _c1976 |
|
| 300 |
_a373 páginas ; _c21 cm. |
||
| 336 |
_atexto _2rdacontent _btxt |
||
| 337 |
_asin medio _2rdamedia _bn |
||
| 338 |
_avolumen _2rdacarrier _bnc |
||
| 650 | 4 |
_aEconomía _xTeoría |
|
| 942 |
_2ddc _cLI _h330.1 _iP348 |
||